Enterprise Development with visualAge(r) for java, version 3 / (Record no. 35671)

MARC details
000 -LEADER
fixed length control field 00580nam a22001817a 4500
005 - DATE AND TIME OF LATEST TRANSACTION
control field 20240503120017.0
008 - FIXED-LENGTH DATA ELEMENTS--GENERAL INFORMATION
fixed length control field 240503b |||||||| |||| 00| 0 eng d
020 ## - INTERNATIONAL STANDARD BOOK NUMBER
ISBN 9780471389491
082 ## - DEWEY DECIMAL CLASSIFICATION NUMBER
Classification number 005.133
Item number NIL-E
100 ## - MAIN ENTRY--AUTHOR
Author Name Nilsson, Dale R.
245 ## - TITLE STATEMENT
Title Enterprise Development with visualAge(r) for java, version 3 /
Statement of responsibility, etc. Peter M.Jakab, Bill Sarantakos, Russel A.Stinehour
260 ## - PUBLICATION, DISTRIBUTION, ETC.
Place of Publication india:
Name of publisher, distributor, etc. Wiley;
Date of publication, distribution, etc. 2000.
300 ## - PHYSICAL DESCRIPTION
Pages 515 p. :
500 ## - GENERAL NOTE
General note include index.
650 ## - SUBJECT ADDED ENTRY--TOPICAL TERM
Subject / Department computer science/ Java programming Language
700 ## - ADDED ENTRY--PERSONAL NAME
Personal name Peter M.Jakab,
300 ## - PHYSICAL DESCRIPTION
-- ill;
-- 24 cm.
952 ## - LOCATION AND ITEM INFORMATION (KOHA)
-- 0
-- 0
952 ## - LOCATION AND ITEM INFORMATION (KOHA)
-- 0
-- 0
952 ## - LOCATION AND ITEM INFORMATION (KOHA)
-- 0
-- 0
Holdings
Lost status Damaged status Collection code Permanent Location Current Location Shelving Location Date acquired Full Call Number Accession No./Barcode Date last seen Copy number item type Koha item type
    CS/IT Superior Information Resource Center (SIRC) Superior University- Gold Campus Superior Information Resource Center (SIRC) Superior University- Gold Campus Java programming language 05/03/2024 005.133 NIL-E 2000 16910 05/03/2024 1 BOOK BOOK
    CS/IT Superior Information Resource Center (SIRC) Superior University- Gold Campus Superior Information Resource Center (SIRC) Superior University- Gold Campus Java programming language 05/03/2024 005.133 NIL-E 2000 16952 05/03/2024 2 BOOK BOOK
    CS/IT Superior Information Resource Center (SIRC) Superior University- Gold Campus Superior Information Resource Center (SIRC) Superior University- Gold Campus Java programming language 05/03/2024 005.133 NIL-E 2000 16914 05/03/2024 3 BOOK BOOK

Powered by Koha